00582cam a2200181Ia 4500020001500000020001800015040000800033082002600041245001800067250001200085260005100097300003400148520012900182650001000311650004000321650001700361700002200378 a156134446X a9781561344468 cNBJ a364 DUS 1996 A014 Or.00aTaking sides. a4th ed. aGuilford, Conn. :bDushkin Pub. Group,cc1996. axxi, 354 p. :bill. ;c24 cm. aContains thirty-six essays, arranged in pro and contra pairs, that address a variety of issues within crime and criminology. 0aCrime 0aCriminal justice, Administration of 0aCriminology.1 aMonk, Richard C.,